000 00676cam a2200205 4500
001 4855
005 20230410143535.0
008 060907s1993 mau eng
020 _a0262023660
035 _9funglode4896
041 _aEN
050 1 4 _aT 21
_bE55 1993
245 0 0 _aEmpowering technology :
_bimplementing a U.S. strategy /
_cedited by Lewis M. Branscomb ; with contributions by Lewis M. Branscomb ... [et al.].
260 _aCambridge, Mass. :
_bThe MIT Press,
_c1993
300 _axi, 315 p. ;
_c23 cm.
650 0 _aTechnology and state
_zUnited States.
653 _aTecnologĂ­a y Estado
700 1 _aBranscomb, Lewis M., |d 1926-
942 _2lcc
_cbk
999 _c103553
_d103553